000 01247nas a2200397 4500
001 BR0604374
003 BR-BrBNA
005 20231205110347.0
007 ta
008 230509b bl.|||p| |||| 00| 00por d
040 _aBR-BrBNA
_bpor
_cBiblioteca Nacional de Agricultura
041 _a(Pt)
072 _aQ54; L51
100 1 _aMorata, R.L.
100 1 _aMachado, T.M.M.
100 1 _aAlbino, L.F.T.
100 1 _aRostagno, H.S.
100 1 _aDetmann, E.
100 1 _aFernandes, L.T. de O.
100 1 _aParente, H.N.
100 1 _aAntunes, K.V.
100 1 _aAlmeida, A.C.
100 1 _aCsermak Júnior, A.C.
245 1 _aTécnicas de avaliação dos valores energéticos e dos coeficientes de digestibilidade de alguns alimentos para emas (Rhea americana)em crescimento
650 _aEMA
650 _aRHEA AMERICANA
650 _aRAÇÃO
650 _aNUTRIÇÃO ANIMAL
650 _aVALOR NUTRITIVO
650 _aDIGESTIBILIDADE APARENTE
650 _aCOMPOSIÇÃO DE ALIMENTO
650 _aMÉTODO ESTATÍSTICO
773 0 _tRevista Brasileira de Zootecnia (Brazil)
_xISSN 1516-3598
_g(Jul-Aug 2006), v. 35(4) p. 1381-1388
_wBR0604374
909 _a202311
_bLúcia
_c55
_dLúcia Elande
942 _2AGRIS
_n0
_cANA
999 _c187103
_d187103